| 000 -LEADER |
| fixed length control field |
00585nam a22001697a 4500 |
| 020 ## - INTERNATIONAL STANDARD BOOK NUMBER |
| ISBN |
9789718219232 |
| 082 ## - DEWEY DECIMAL CLASSIFICATION NUMBER |
| Classification number |
519.5 |
| Item number |
Si5875 2023 |
| 100 ## - MAIN ENTRY--AUTHOR NAME |
| Personal name |
Silverio, Belinda C., author. |
| 245 ## - TITLE STATEMENT |
| Title |
Statistics & probability / Belinda C. Silverio [and four others] ; Divina Gracia C. Divino, coordinator/editor. |
| 260 ## - PUBLICATION, DISTRIBUTION, ETC. (IMPRINT) |
| Place of publication |
Malabon City : |
| Name of publisher |
Mutya Publishing House, Inc., |
| Year of publication |
©2023. |
| 300 ## - PHYSICAL DESCRIPTION |
| Number of Pages |
v, 226 pages ; |
| Other physical details |
26 cm. |
| 500 ## - GENERAL NOTE |
| General note |
Includes bibliographical references. |
| 650 ## - SUBJECT ADDED ENTRY--TOPICAL TERM |
| Topical Term |
Statistics. |
| 650 ## - SUBJECT ADDED ENTRY--TOPICAL TERM |
| Topical Term |
Probabilities. |
| 700 ## - ADDED ENTRY--PERSONAL NAME |
| Personal name |
Divino, Divina Gracia C., editor. |
| 942 ## - ADDED ENTRY ELEMENTS (KOHA) |
| Koha item type |
Books |